Normal view
MARC view
- Literature -Novel
Entry Topical Term
001 - CONTROL NUMBER
- control field: 5530
003 - CONTROL NUMBER IDENTIFIER
- control field: JO-AjAnu
005 - DATE AND TIME OF LATEST TRANSACTION
- control field: 20230606071210.0
008 - FIXED-LENGTH DATA ELEMENTS
- fixed length control field: 230606|| aca||aabn | a|a d
040 ## - CATALOGING SOURCE
- Original cataloging agency: JO-AjAnu
- Transcribing agency: JO-AjAnu
150 ## - HEADING--TOPICAL TERM
- Topical term or geographic name entry element: Literature -Novel
670 ## - SOURCE DATA FOUND
- Source citation: Work cat.: (JO-AjAnu)2858: Razzaz , Munis , Translated Eliane Abdel-Malek , author 5529, Alive in the dead sea